| Tag |
First Indicator |
Second Indicator |
Subfields |
| LEADER |
00000cam a2200000 a 4500 |
| 001 |
in00000069425 |
| 005 |
20151008053352.0 |
| 008 |
820918s1980 cauaf b 00010 eng d |
| 035 |
|
|
|a (OCoLC)08787211
|
| 035 |
|
|
|9 AAH7200AM
|
| 040 |
|
|
|a TXA
|c TXA
|d UtOrBLW
|
| 043 |
|
|
|a n-us-ca
|
| 049 |
|
|
|a TXAM
|c [1561071]
|
| 090 |
|
|
|a TN871
|b H29 1980
|
| 100 |
1 |
|
|a Hallmark, Fred O.
|
| 245 |
1 |
0 |
|a Oil and gas well blowout prevention in California /
|c by Fred O. Hallmark and Peter R. Wygle.
|
| 250 |
|
|
|a 3rd ed.
|
| 264 |
|
1 |
|a Sacramento :
|b California Division of Oil & Gas,
|c 1980.
|
| 300 |
|
|
|a iv, 65 pages 2 unnumbered folded leaves of plates :
|b illustrations ;
|c 28 cm.
|
| 336 |
|
|
|a text
|b txt
|2 rdacontent
|
| 337 |
|
|
|a unmediated
|b n
|2 rdamedia
|
| 338 |
|
|
|a volume
|b nc
|2 rdacarrier
|
| 500 |
|
|
|a "A Publication of the California Division of Oil & Gas."
|
| 500 |
|
|
|a "Manual number M07."
|
| 504 |
|
|
|a Bibliography: page 65.
|
| 650 |
|
0 |
|a Oil wells
|z California
|x Blowouts.
|
| 650 |
|
0 |
|a Gas wells
|z California
|x Blowouts.
|
| 700 |
1 |
|
|a Wygle, Peter R.
|
| 710 |
1 |
|
|a California.
|b Division of Oil and Gas.
|
| 999 |
|
|
|a MARS
|
| 999 |
f |
f |
|s 40695d63-4a05-3e74-b0af-2a8d43013b36
|i 2efbd7df-a0a6-3b16-85de-5f3be0def61d
|t 0
|
| 952 |
f |
f |
|p normal
|a Texas A&M University
|b College Station
|c Sterling C. Evans Library
|d Evans: Library Stacks
|t 0
|e TN871 H29 1980
|h Library of Congress classification
|i unmediated -- volume
|m A14806049978
|
| 998 |
f |
f |
|a TN871 H29 1980
|t 0
|l Evans: Library Stacks
|